Normal view
MARC view
Entry Personal Name
001 - CONTROL NUMBER
- control field: 29237
003 - CONTROL NUMBER IDENTIFIER
- control field: dpl
005 - DATE AND TIME OF LATEST TRANSACTION
- control field: 20110707161413.0
008 - FIXED-LENGTH DATA ELEMENTS
- fixed length control field: 110707|||a|||||| | ||| d
040 ## - CATALOGING SOURCE
- Original cataloging agency: dpl
- Transcribing agency: dpl
100 ## - HEADING--PERSONAL NAME
- Personal name: Brara, Rita
670 ## - SOURCE DATA FOUND
- Source citation: Work cat.: (dpl)53567: Brara, Rita, Shifting landscapes :, 2006
670 ## - SOURCE DATA FOUND
- Source citation: Work cat.: (dpl)53567: Brara, Rita, Shifting landscapes :, 2006
